000 00638nam a2200229Ia 4500
999 _c45221
_d45221
001 12044
003 GE_BSU
005 20221118170403.0
008 181216s2006en xx |||||||||||||| ||eng||
020 _a9780099493570x
040 _cGE_BSU
041 _aeng
080 _a821.111-312.4 G-83
100 _aGrisham,John
_915948
245 4 _aThe innocent man /
_cJohn Grisham.
264 _aLondon :
_bArrow Books,
_c2006.
300 _a501 p;
_b18 cm.
653 _aThe innocent man
653 _aუდანაშაულო კაცი
653 _aმხატვრული ლიტერატურა
942 _cBK
_2udc